10 największych polskich województw w powierzhcni - Statystyki

Ogólne statystyki
  • Ten quiz został rozwiązany 57 razy
  • Średni wynik to 9 z 10
Statystyki odpowiedzi
Hint Odpowiedź % Poprawnych
1 Mazowieckie
100%
2 Wielkopolskie
96%
7 Dolnośląskie
94%
8 Pomorskie
94%
9 Łódzkie
92%
4 Warmińsko-Mazurskie
92%
5 Zachodniopomorskie
90%
6 Podlaskie
84%
3 Lubelskie
82%
10 Kujawsko Pomorskie
71%
Nie znaleziono quizów pasujących do podanych kryteriów
Rozkład punktacji
Procent ludzi z każdym wynikiem
Percentyl według liczby udzielonych odpowiedzi
Twoja historia wyników
Nie rozwiązałeś tego quizu